000 00529cam5a220016900 4500
001 zam00008851
008 970717n xx eng u
035 _a(Sirsi) r138851
040 _dUPRA
245 0 0 _aCollected evaluation reports of UNICEF assisted projects.
260 _aLusaka :
_bIAS,
_c1985.
520 _aContains evaluation reports of nine UNICEF-assisted projects.
650 4 _aHealth.
_6S7127.1
650 4 _aZambia -- Health.
_xZambia -- Health.
_6S75226.1
949 1 0 _mINESOR
_tBOOK
_lON-SHELF
004 138851
999 _c27391
_d27391